Les plus gros transferts du football - Nés en 1991 - Statistiques

Statistiques générales
  • Ce quiz a été pris 24 fois
  • Le résultat moyen est 9 sur 11
Statistiques - réponses
Montant de transfert (M €) Saison Nationalité Venant de Allant à Joueur % Correct
120 2019-2020 France Atlético Madrid Barcelone Antoine Griezmann
100%
76 2015-2016 Belgique VfL Wolfsburg Manchester City Kevin De Bruyne
100%
67 2018-2019 Algerie Leicester City Manchester City Riyad Mahrez
100%
53 2017-2018 France Olympique Lyonnais Arsenal Alexandre Lacazette
95%
115 2019-2021 Belgique Chelsea Real Madrid Eden Hazard
95%
75 2014-2015 Colombie AS Monaco Real Madrid James Rodríguez
95%
45 2013-2014 Colombie FC Porto AS Monaco James Rodríguez
95%
84 2017-2018 Pays-Bas Southampton Liverpool Virgil van Dijk
91%
60 2016-2017 Brésil Chelsea Shanghai SIPG Oscar
86%
57 2018-2019 Brésil / Italie Napoli Chelsea Jorginho
45%
45 2014-2015 France FC Porto Manchester City Eliaquim Mangala
41%
Aucun quiz correspondant
Distribution des résultats
% des personnes avec chaque résultat
Percentile par nombre de réponses
Votre historique - résultats
Vous n’avez pas pris ce quiz